书目信息 |
| 题名: |
牧歌
|
|
| 作者: | 维吉尔 著 ;杨宪益 译 | |
| 分册: | ||
| 出版信息: | 上海 上海人民出版社 2009.05 |
|
| 页数: | 103页 | |
| 开本: | 19cm | |
| 丛书名: | 日知古典 | |
| 单 册: | ||
| 中图分类: | I546.22 | |
| 科图分类: | ||
| 主题词: | 诗集--作品集--古罗马--汉语--拉丁语 | |
| 电子资源: | ||
| ISBN: | 978-7-208-08462-9 | |
| 000 | 01084nam0 2200253 450 | |
| 005 | 20100524190254.03 | |
| 010 | @a978-7-208-08462-9@dCNY24.00 | |
| 100 | @a20100515d2009 em y0chiy50 ea | |
| 101 | 2 | @achi@alat@beng@clat |
| 102 | @aCN@b310000 | |
| 105 | @ay z 000yy | |
| 200 | 1 | @a牧歌@Amu ge@f(古罗马) 维吉尔著@F(gu luo ma)wei ji er zhu@g杨宪益译 |
| 210 | @a上海@c上海人民出版社@d2009.05 | |
| 215 | @a103页@d19cm | |
| 225 | 2 | @a日知古典 |
| 305 | @a本书译文根据《牛津大学古典从书本》(Scriptorum Classicorum Bibliotheca Oxoniensis)赫尔则(F.A.Hirtzel)校订本(1900年)译出 并参考剑桥大学西最克(A.Sidgwick)教授所作的注释,及1946年出版的里犹(E.V.Rieu)的英文译本 | |
| 330 | @a本书共收诗10首。各首诗具体写作年代无法考证,内容大体是关于一些牧人的生活、爱情故事与美妙的田园风光,有时也涉及一些政治问题,对了解当时的社会及自然环境有很高的史料价值。 | |
| 410 | 0 | @12001@a日知古典 |
| 606 | 0 | @a诗集@x作品集@y古罗马@x汉语@x拉丁语 |
| 690 | @aI546.22@v4 | |
| 701 | 0 | @a维吉尔@Awei ji er@4著 |
| 702 | 0 | @a杨宪益@Ayang xian yi@4译 |
| 801 | 0 | @aCN@c20100515 |
| 905 | @dI546.22@eW536@f3 | |
| 牧歌/(古罗马) 维吉尔著/杨宪益译.-上海:上海人民出版社,2009.05 |
| 103页;19cm.-(日知古典) |
| ISBN 978-7-208-08462-9:CNY24.00 |
| 本书共收诗10首。各首诗具体写作年代无法考证,内容大体是关于一些牧人的生活、爱情故事与美妙的田园风光,有时也涉及一些政治问题,对了解当时的社会及自然环境有很高的史料价值。 |
| ● |
| 相关链接 |
|
|
|
正题名:牧歌
索取号:I546.22/W536
 
预约/预借
| 序号 | 登录号 | 条形码 | 馆藏地/架位号 | 状态 | 备注 |